Statistics for Summer Olympic City Bids

Click here to take the quiz!

General Stats

  • This quiz has been taken 31,332 times
    (29,311 since last reset)
  • The average score is 39 of 69

Answer Stats

#YearsCity% Correct
41908, 1944, 1948, 2012London
96%
61900, 1924, 1992, 2008, 2012, 2024Paris
95%
51940, 1960, 1964, 2016, 2020Tokyo
95%
101924, 1928, 1932, 1948, 1952, 1956,
1976, 1980, 1984, 2028
Los Angeles
94%
41908, 1916, 1936, 2000Berlin
93%
41896, 1944, 1996, 2004Athens
92%
22000, 2008Beijing
92%
41936, 2004, 2012, 2016Rio de Janeiro
91%
31976, 1980, 2012Moscow
90%
9(1908), 1924, 1936, 1940, 1944,
1960, 2004, 2020, 2024
Rome
89%
12012New York City
88%
12000Sydney
88%
41972, 2012, 2016, 2020Madrid
87%
41924, 1936, 1940, 1992Barcelona
86%
31956, 1960, 1968Mexico City
84%
11988Seoul
80%
11972Munich
78%
21912, 2004Stockholm
77%
61916, 1920, 1924, 1928, 1952, 1992Amsterdam
76%
21920, 1996Atlanta
75%
21956, 1996Melbourne
74%
21908, 2000Milan
72%
41936, 1956, 1968, 2004Buenos Aires
71%
12008Cairo
71%
21996, 2008Toronto
71%
41936, 1940, 1944, 1952Helsinki
70%
4(1904), 1952, 1956, 2016Chicago
69%
52000, 2004, 2008, 2012, 2020Istanbul
69%
12004Saint Petersburg
69%
31916, 1960, 1964Brussels
68%
11936Dublin
66%
11964Vienna
66%
41944, 1956, 1972, 1976Montreal
63%
11956San Francisco
63%
61916, 1920, 1936, 1944, 1960, 2024Budapest
61%
21996, 2000Manchester
61%
12004Cape Town
59%
21924, 2016Prague
55%
11936Frankfurt
51%
12024Hamburg
51%
12008Osaka
51%
21920, 1968Lyon
50%
11904St. Louis
49%
12008Bangkok
47%
21992, 2032Brisbane
47%
11992Birmingham
44%
21992, 1996Belgrade
41%
11920Antwerp
40%
41920, 1948, 1952, 1956Philadelphia
40%
71944, 1952, 1956, 1960,
1964, 1968, 1972
Detroit
36%
22016, 2020Doha
36%
12000Brasilia
34%
12008Kuala Lumpur
34%
11936Cologne
31%
31920, 2008, 2012Havana
31%
22004, 2008Seville
29%
11936Montevideo
24%
11988Nagoya
21%
21916, 1936Alexandria
20%
11948Baltimore
19%
21916, 1920Cleveland
19%
12004Lille
17%
31948, 1952, 1956Minneapolis
17%
22016, 2020Baku
16%
12012Leipzig
12%
11936Nuremberg
11%
41936, 1944, 1948, 1960Lausanne
9%
12004San Juan
7%
12000Tashkent
7%

Score Distribution

Percentile by Number Answered

Percent of People with Each Score

Your Score History

You have not taken this quiz since the last reset